000 00502nam a2200217Ia 4500
003 OSt
005 20221005123009.0
006 a|||||r|||| 00| 0
007 ta
008 221004b |||||||| |||| 00| 0 mal d
024 _a59098
037 _cTextual
040 _aCRL
_cCRL
_bmal
041 _2mal
_amal
082 _aV212, 32L3.1
245 0 _aKerala charithram
260 _c1973
650 _aHISTORY
942 _hV212, 32L3.1
_cTEXL
_2cc
999 _c1046060
_d1046060